[Event "36th Olympiad w"]
[Site "Calvia ESP"]
[Date "2004.10.17"]
[Round "3"]
[White "Coimbra,M"]
[Black "Jose Polanco,Ken"]
[Result "1/2-1/2"]
[WhiteElo "2079"]
[BlackElo "2003"]
[EventDate "2004.10.15"]

1. e4 e6 2. d4 d5 3. Nd2 dxe4 4. Nxe4 Nf6 5. Bg5 Be7 6. Ng3 Nc6 7. Nf3 O-O
8. c3 b6 9. Bd3 Nd5 10. Bd2 Bf6 11. Qc2 h6 12. O-O-O Bb7 13. Nh5 e5 14.
Nxf6+ Qxf6 15. dxe5 Nxe5 16. Nxe5 Qxe5 17. Rde1 Qf6 18. f3 Nf4 19. Bxf4
Qxf4+ 20. Qd2 Qxd2+ 21. Kxd2 Rad8 22. Kc2 Bd5 23. Re7 Rd6 24. Rxc7 Rfd8 25.
Rd1 a5 26. a3 a4 27. c4 Be6 28. Be2 Rxd1 29. Bxd1 b5 30. Be2 bxc4 31. Bxc4
Bf5+ 32. Kc3 Bd7 33. Rb7 Be8 34. Bb5 Rc8+ 35. Kd2 Rd8+ 36. Kc3 Rc8+ 37. Kb4
Bxb5 38. Rxb5 Rc2 39. Kxa4 Rxg2 40. h4 g5 41. hxg5 h5 42. Rb4 Rxg5 43. Rh4
Kf8 44. b4 Ke7 45. b5 Kd6 46. Ka5 Kc7 47. a4 Kb7 48. Rf4 Rg7 49. Kb4 Rh7
50. Rh4 f5 51. a5 Rh8 52. a6+ Kb6 53. Rd4 Rh7 1/2-1/2

[Event "36th Olympiad w"]
[Site "Calvia ESP"]
[Date "2004.10.17"]
[Round "3"]
[White "De la Cruz,M"]
[Black "Baptista,A"]
[Result "1-0"]
[WhiteElo "2086"]
[BlackElo "2042"]
[EventDate "2004.10.15"]

1. d4 Nf6 2. c4 e6 3. Nc3 Bb4 4. Qc2 b6 5. a3 Bxc3+ 6. bxc3 Bb7 7. f3 d5 8.
Bg5 Nbd7 9. e3 c5 10. cxd5 exd5 11. Bb5 Qe7 12. Bxd7+ Kxd7 13. Ne2 Rhe8 14.
Ng3 Qe6 15. O-O h6 16. Bf4 Ke7 17. Nf5+ Kf8 18. dxc5 b5 19. Rfe1 Kg8 20.
Nd4 Qd7 21. Qb3 Bc6 22. a4 bxa4 23. Qb4 Rec8 24. Be5 Qd8 25. Nxc6 Rxc6 26.
Rxa4 Nd7 27. Bd4 Rb8 28. Qa3 Rbc8 29. Ra5 Qf8 30. Rxa7 Nxc5 31. Ra1 Qd8 32.
Ra8 Ne6 33. Rxc8 Rxc8 34. Qa5 Qg5 35. Qb4 Rc4 36. Ra8+ Kh7 37. Qb1+ f5 38.
h4 Qg6 39. Qb8 Qf7 40. h5 Qxh5 41. Qg8+ Kg6 42. Qxe6+ Kg5 43. Qe7+ Kg6 1-0

[Event "36th Olympiad w"]
[Site "Calvia ESP"]
[Date "2004.10.17"]
[Round "3"]
[White "Lindiawati,E"]
[Black "Parveen,S"]
[Result "1-0"]
[WhiteElo "2125"]
[BlackElo "2139"]
[EventDate "2004.10.15"]

1. e4 e5 2. Nf3 Nf6 3. Nxe5 d6 4. Nf3 Nxe4 5. d4 d5 6. Bd3 Be7 7. O-O Nc6
8. c3 Bg4 9. Bf4 O-O 10. h3 Bh5 11. g4 Bg6 12. Ne5 Nxe5 13. Bxe5 Bd6 14.
Bxd6 Qxd6 15. f4 Rfe8 16. Qf3 h6 17. Rd1 f5 18. Nd2 Rf8 19. gxf5 Rxf5 20.
Bxe4 dxe4 21. Nxe4 Rxf4 22. Nxd6 Rxf3 23. Nc4 Rxh3 24. Kg2 Rh5 25. Ne5 Rg5+
26. Kh2 Rf8 27. Rf1 Bf5 28. Rae1 Rh5+ 29. Kg3 Rg5+ 30. Kh2 Bc8 31. Rxf8+
Kxf8 32. a4 h5 33. b4 Kg8 34. d5 Kh7 35. c4 Rf5 36. Re4 Rf2+ 37. Kg3 Rf8
38. Nf3 Bg4 39. Nh2 Rf7 40. Nxg4 hxg4 41. Kxg4 g6 42. Re8 Kg7 43. Ra8 a6
44. Ra7 b6 45. Rxa6 Kf6 46. c5 Ke5 47. cxb6 cxb6 48. Rxb6 Kxd5 49. a5 Kc4
50. Kg5 Kd4 51. a6 Kd5 52. Rb7 Rf6 1-0

[Event "36th Olympiad w"]
[Site "Calvia ESP"]
[Date "2004.10.17"]
[Round "3"]
[White "Sanchez Castillo,S"]
[Black "Cima,R"]
[Result "0-1"]
[WhiteElo "2141"]
[BlackElo "2130"]
[EventDate "2004.10.15"]

1. e4 e5 2. d4 exd4 3. Qxd4 Nc6 4. Qe3 d6 5. Bd2 Nf6 6. Nc3 Be6 7. O-O-O g6
8. f4 Qe7 9. Nf3 Bg7 10. h3 Nd7 11. g4 Nb6 12. Be1 O-O-O 13. Bh4 f6 14. Bb5
Bd7 15. Rhe1 a6 16. Bf1 Rde8 17. Qg1 Qf7 18. f5 Bh6+ 19. Kb1 Bf4 20. Bf2
Nc4 21. Nd5 N4e5 22. Qg2 Nxf3 23. Qxf3 Be5 24. Bc4 Qg7 25. Qa3 Kb8 26. Bg3
Bxg3 27. Qxg3 gxf5 28. exf5 Bxf5 29. Qc3 Bd7 30. Bxa6 0-1

[Event "36th Olympiad w"]
[Site "Calvia ESP"]
[Date "2004.10.17"]
[Round "3"]
[White "Martinez Aleidi,J"]
[Black "Driza,A"]
[Result "1-0"]
[WhiteElo "2201"]
[BlackElo "2068"]
[EventDate "2004.10.15"]

1. e4 e5 2. Bc4 Bc5 3. Nf3 Nc6 4. d3 Nf6 5. Bg5 d6 6. c3 h6 7. Bh4 O-O 8.
Nbd2 Be6 9. Bb5 Ne7 10. Bxf6 gxf6 11. Nh4 Kh7 12. Qf3 Ng6 13. Nf5 c6 14.
Ba4 Qd7 15. g3 Bxf5 16. exf5 Ne7 17. Bc2 d5 18. g4 Bb6 19. O-O-O Nc8 20. h4
Nd6 21. Rdg1 Rg8 22. Nf1 Rg7 23. Ng3 Qe7 24. Nh5 Rgg8 25. g5 fxg5 26. f6 g4
27. fxe7 gxf3 28. Nf6+ Kh8 29. Rxg8+ Rxg8 30. Nxg8 Kxg8 31. Rg1+ Kh8 32.
Rg3 Bxf2 33. Rxf3 Bxh4 34. Rxf7 Bg5+ 35. Kd1 h5 36. Rf8+ Kg7 37. e8=Q Nxe8
38. Rxe8 h4 39. Rxe5 Kf6 40. Re8 Kf5 41. Ke1 Kg4 42. Kf2 Bf6 43. Bd1+ Kh3
44. Re2 Kh2 45. Rc2 1-0

[Event "36th Olympiad w"]
[Site "Calvia ESP"]
[Date "2004.10.17"]
[Round "3"]
[White "Van der Merwe,C"]
[Black "Borda,C"]
[Result "1/2-1/2"]
[WhiteElo "2059"]
[BlackElo "2088"]
[EventDate "2004.10.15"]

1. e4 c6 2. d4 d5 3. e5 Bf5 4. Nc3 e6 5. g4 Bg6 6. Nge2 f6 7. Nf4 fxe5 8.
Nxe6 Qe7 9. Nxf8 exd4+ 10. Be2 Qxf8 11. Qxd4 Bxc2 12. Bf4 Nd7 13. Rc1 Bg6
14. O-O Ngf6 15. Rfe1 Ne4 16. Qe3 Qe7 17. Bd3 O-O 18. Nxe4 dxe4 19. Bc4+
Kh8 20. Qg3 Qf6 21. Bd6 Rfe8 22. h4 Ne5 23. Bxe5 Rxe5 24. Re3 Rc5 25. b4
Re5 26. Rce1 Ree8 27. h5 Bf7 28. g5 Qf5 29. Bxf7 Qxf7 30. g6 Qf5 31. Qh4
Re5 32. Rxe4 Qg5+ 33. Kf1 Qxh4 34. Rxh4 Rae8 35. Rxe5 Rxe5 36. Rd4 Re8 37.
Rd7 Rb8 38. Ke2 Kg8 39. f4 hxg6 40. hxg6 Kf8 41. Rf7+ Kg8 42. Kf3 a6 43.
Rc7 Kf8 44. f5 b6 45. Rxc6 Ke7 46. Rc7+ Kf6 47. Kf4 Rf8 48. Rc6+ Ke7 49.
Rxb6 Rd8 50. a3 Rd7 51. Rxa6 Rb7 52. Re6+ Kd7 53. Ke4 Ra7 54. Rb6 Kc7 55.
Re6 Kd7 56. b5 Rxa3 57. b6 Ra4+ 58. Kf3 Rb4 59. Ke3 Rb5 60. Kf4 Rb4+ 61.
Kg5 Rb5 1/2-1/2

[Event "36th Olympiad w"]
[Site "Calvia ESP"]
[Date "2004.10.18"]
[Round "4"]
[White "Madl,I"]
[Black "Zhukova,N"]
[Result "1/2-1/2"]
[WhiteElo "2369"]
[BlackElo "2481"]
[EventDate "2004.10.15"]

1. e4 e5 2. Nf3 Nc6 3. Bb5 a6 4. Ba4 Nf6 5. d3 b5 6. Bb3 Be7 7. O-O d6 8.
c3 Na5 9. Bc2 c5 10. a4 b4 11. Nbd2 O-O 12. h3 Qc7 13. Qe2 h6 14. cxb4 cxb4
15. Nc4 Be6 16. b3 Nb7 17. Bb2 Nh5 18. Nfxe5 dxe5 19. Bxe5 Qc5 20. d4 Bxc4
21. bxc4 Qa5 22. Qxh5 f6 23. c5 fxe5 24. Qxe5 Qd8 1/2-1/2

[Event "36th Olympiad w"]
[Site "Calvia ESP"]
[Date "2004.10.18"]
[Round "4"]
[White "Gaponenko,I"]
[Black "Vajda,S"]
[Result "1-0"]
[WhiteElo "2445"]
[BlackElo "2369"]
[EventDate "2004.10.15"]

1. e4 e5 2. Nf3 Nc6 3. Bb5 a6 4. Bxc6 dxc6 5. O-O f6 6. d4 exd4 7. Nxd4 c5
8. Nb3 Qxd1 9. Rxd1 Bg4 10. f3 Bd7 11. Be3 b6 12. Nc3 O-O-O 13. Rd2 c4 14.
Nd4 Bb4 15. Nde2 Ne7 16. Rad1 Nc6 17. a3 Bxc3 18. Nxc3 Be6 19. Rxd8+ Nxd8
20. Kf2 Nc6 21. f4 Re8 22. h3 Bf7 23. g4 h6 24. f5 b5 25. Kf3 Ne5+ 26. Kg3
Kb7 27. Bf4 Kc6 28. Ne2 Re7 29. Bxe5 Rxe5 30. Kf4 Re7 31. Rd8 Kb6 32. Nd4
c3 33. b4 c6 34. Rd6 Be8 35. Re6 Rxe6 36. fxe6 c5 37. Ne2 cxb4 38. axb4 Bg6
39. Nxc3 Kc6 40. Nd5 Kd6 41. h4 Kxe6 42. h5 Bf7 43. Nc7+ Kd6 44. Nxa6 g6
45. hxg6 Bxg6 46. Nc5 Ke7 47. Nb3 h5 48. gxh5 Bxh5 49. Nd4 Be8 50. e5 Bg6
51. c3 Bd3 52. Nc6+ Ke6 53. exf6 Kxf6 54. Ke3 Bf1 55. Kd4 Kf5 56. Na7 Kf4
57. Kc5 Ke3 58. Nxb5 Kd2 59. c4 Kc2 60. Nd6 1-0

[Event "36th Olympiad w"]
[Site "Calvia ESP"]
[Date "2004.10.18"]
[Round "4"]
[White "Lakos,N"]
[Black "Lahno,Kateri"]
[Result "0-1"]
[WhiteElo "2359"]
[BlackElo "2435"]
[EventDate "2004.10.15"]

1. e4 e5 2. Nf3 Nf6 3. Nxe5 d6 4. Nf3 Nxe4 5. c4 Be7 6. Nc3 Nxc3 7. dxc3
O-O 8. Bd3 Nd7 9. Qc2 g6 10. Be3 Nc5 11. Bxc5 dxc5 12. O-O-O Qd6 13. Kb1
Qf6 14. h4 Bg4 15. Rde1 Rad8 16. Ne5 Bc8 17. h5 Rfe8 18. hxg6 hxg6 19. Nxf7
Kxf7 20. Rh7+ Kg8 21. Bxg6 Bf8 22. Reh1 Bg7 23. Ka1 Re6 24. f4 Qxg6 0-1

[Event "36th Olympiad w"]
[Site "Calvia ESP"]
[Date "2004.10.18"]
[Round "4"]
[White "Peng Zhaoqin"]
[Black "Koneru,H"]
[Result "0-1"]
[WhiteElo "2420"]
[BlackElo "2503"]
[EventDate "2004.10.15"]

1. d4 d6 2. Nf3 Nf6 3. c4 g6 4. Nc3 Bg7 5. e4 O-O 6. Be2 Nbd7 7. O-O e5 8.
Qc2 Re8 9. Rd1 exd4 10. Nxd4 Nc5 11. f3 Nh5 12. Bf1 Bd7 13. Qf2 f5 14. exf5
gxf5 15. Nd5 Be5 16. f4 Bg7 17. Qf3 Nf6 18. Ne3 Qc8 19. b3 Re4 20. Bb2 Ng4
21. Nd5 Qd8 22. h3 c6 23. hxg4 fxg4 24. Qf2 cxd5 25. Rab1 Re8 26. g3 Ne4
27. Qg2 Qb6 28. Kh2 Rac8 29. Rbc1 h5 30. Qc2 h4 31. gxh4 Bh6 32. Kg2 Bxf4
33. Bd3 Qd8 34. Rh1 Bxc1 35. Qxc1 Qf6 36. Rf1 Qg6 37. Ne2 Bf5 38. Nf4 Qh6
39. Bxe4 Bxe4+ 40. Kg3 Rf8 41. Qc3 Rc7 42. Bc1 Rh7 43. h5 Rhf7 44. Rf2 Qh8
45. Qe3 Qe5 46. Bb2 Qg5 47. Qd4 Kh7 48. Qe3 Bf3 49. Nxd5 Qxe3 50. Nxe3 Bc6
51. Rxf7+ Rxf7 52. Nxg4 Rf3+ 53. Kh4 Kg8 54. Kg5 Rg3 55. Kf4 Rf3+ 56. Kg5
Rg3 57. Kf4 Rg2 58. Bd4 a6 59. a4 Kf7 60. a5 Re2 61. Kg5 Be4 62. b4 Bd3 63.
c5 Re4 64. Bf2 Be2 65. Nh6+ Ke6 66. cxd6 Rxb4 67. d7 Rb5+ 68. Kf4 Kxd7 69.
Be1 Ke6 70. Bd2 Rxh5 71. Ke4 Kf6 72. Ng8+ Kf7 73. Nh6+ Ke6 74. Kd4 Rd5+ 75.
Ke3 Bh5 76. Bc3 Rg5 77. Kf4 Rg6 0-1

[Event "36th Olympiad w"]
[Site "Calvia ESP"]
[Date "2004.10.18"]
[Round "4"]
[White "Radziewicz,I"]
[Black "Cramling,P"]
[Result "1/2-1/2"]
[WhiteElo "2449"]
[BlackElo "2477"]
[EventDate "2004.10.15"]

1. e4 c5 2. Nf3 e6 3. d3 Nc6 4. c3 d5 5. Qe2 Nge7 6. h4 b6 7. h5 h6 8. g3
Ba6 9. e5 g5 10. hxg6 Nxg6 11. Qd1 Qd7 12. Rh5 Bg7 13. d4 Bxf1 14. Kxf1
O-O-O 15. Be3 Kb7 16. Na3 cxd4 17. cxd4 Rc8 18. Qd3 Bf8 19. Bd2 f5 20. Ke2
Bxa3 21. Qxa3 Nd8 22. Qd3 Nf7 23. a4 a6 24. b3 Rc7 25. Rhh1 Ne7 26. Rac1
Rxc1 27. Rxc1 Nc6 28. b4 Na7 29. a5 Qb5 30. Qxb5 Nxb5 31. axb6 Nd8 32. Kd3
Nc6 33. Rh1 h5 34. Rh4 Kxb6 35. Ng5 Nc7 36. f3 Rb8 37. Rxh5 Kb5 38. Rh1
Nxb4+ 39. Ke2 a5 40. Rb1 Kc6 41. Rc1+ Kd7 42. Be1 1/2-1/2

[Event "36th Olympiad w"]
[Site "Calvia ESP"]
[Date "2004.10.18"]
[Round "4"]
[White "Agrest,S"]
[Black "Socko,M"]
[Result "1/2-1/2"]
[WhiteElo "2238"]
[BlackElo "2439"]
[EventDate "2004.10.15"]

1. e4 e6 2. d4 d5 3. Nc3 Bb4 4. exd5 exd5 5. Bd3 Nc6 6. a3 Bxc3+ 7. bxc3
Be6 8. Qf3 Qd7 9. h3 Nge7 10. Ne2 O-O-O 11. O-O Rdg8 12. Nf4 g5 13. Nxe6
Qxe6 14. Bb2 h5 15. Rfe1 g4 16. Qf4 Qd7 17. h4 f5 18. c4 Rf8 19. cxd5 Nxd5
20. Qd2 g3 21. c4 gxf2+ 22. Qxf2 Nb6 23. d5 Rhg8 24. Rad1 Na5 25. Re6 f4
26. Bf6 Kb8 27. Qxf4 Qa4 28. Rf1 Naxc4 29. Bxc4 Qxc4 30. Qxc4 Nxc4 31. Rc1
Ne3 32. Rxe3 Rxf6 33. Re7 Rfg6 34. Rcxc7 Rxg2+ 35. Kf1 Rg1+ 36. Kf2 Rb1
1/2-1/2

[Event "36th Olympiad w"]
[Site "Calvia ESP"]
[Date "2004.10.18"]
[Round "4"]
[White "Zielinska,Mar"]
[Black "Johansson,V"]
[Result "1/2-1/2"]
[WhiteElo "2395"]
[BlackElo "2189"]
[EventDate "2004.10.15"]

1. b3 c5 2. Bb2 Nc6 3. c4 e5 4. g3 d6 5. Bg2 Nge7 6. Nc3 g6 7. d3 Bg7 8. e3
O-O 9. Nge2 Rb8 10. Qd2 a6 11. Rd1 b5 12. O-O f5 13. Nd5 Kh8 14. d4 Bb7 15.
dxc5 dxc5 16. Nxe7 Qxe7 17. Qd7 e4 18. Qxe7 Nxe7 19. Bxg7+ Kxg7 20. Rd7 Kf7
21. cxb5 axb5 22. Rc1 Rfc8 23. Bf1 c4 24. bxc4 bxc4 25. Nc3 Ke6 26. Rcd1
Rc6 27. Nb5 c3 28. Nxc3 Bc8 29. Rxe7+ Kxe7 30. Nd5+ Kf7 31. Nf4 Rb2 32. a4
Ba6 33. Bxa6 Rxa6 34. Rd7+ Kg8 35. Rd8+ Kg7 36. Rd7+ Kh6 37. h4 Rxa4 38.
Kg2 Rba2 39. g4 fxg4 40. Re7 Ra7 41. Rxe4 R7a4 42. Re6 Kg7 43. Kg3 Ra7 44.
Rb6 R2a6 45. Rb4 h5 46. Rb5 Kf7 47. Rg5 Rb7 48. Rc5 Rba7 49. Rg5 Rb7
1/2-1/2

[Event "36th Olympiad w"]
[Site "Calvia ESP"]
[Date "2004.10.18"]
[Round "4"]
[White "Hunt,H"]
[Black "Repkova,E"]
[Result "1-0"]
[WhiteElo "2385"]
[BlackElo "2410"]
[EventDate "2004.10.15"]

1. e4 d5 2. exd5 Qxd5 3. Nc3 Qa5 4. d4 c6 5. Nf3 Nf6 6. Bd2 Bf5 7. Ne4 Qc7
8. Nxf6+ gxf6 9. g3 Nd7 10. Bg2 O-O-O 11. O-O e5 12. c3 Nb6 13. Qe2 Bg7 14.
a4 Rhe8 15. a5 Nd7 16. Be3 Bg4 17. Qc2 a6 18. Qxh7 Rh8 19. Qxg7 Be6 20.
dxe5 Rdg8 21. exf6 Rxg7 22. fxg7 Rg8 23. Bh6 Bd5 24. Ra4 f5 25. Re1 Nc5 26.
Rd4 Nb3 27. Rxd5 cxd5 28. Bh3 Rxg7 29. Bxf5+ Kd8 30. Bxg7 Qxg7 31. Rd1 Kc7
32. Rxd5 Qh6 33. Rd7+ Kb8 34. Rd1 Nxa5 35. h4 Nc4 36. b3 Nd6 37. Bd3 Qh5
38. Kg2 Qa5 39. Bg6 Kc7 40. c4 Qb6 41. Bc2 Qc6 42. Rd5 b5 43. Nd4 Qb7 44.
Kh2 bxc4 45. Ne6+ Kb8 46. Rxd6 cxb3 47. Bb1 Qe7 48. Rb6+ Ka7 49. Rc6 Qe8
50. Rxa6+ Kb7 51. Be4+ 1-0

[Event "36th Olympiad w"]
[Site "Calvia ESP"]
[Date "2004.10.18"]
[Round "4"]
[White "Hagarova,Z"]
[Black "Houska,Jo"]
[Result "1/2-1/2"]
[WhiteElo "2351"]
[BlackElo "2298"]
[EventDate "2004.10.15"]

1. e4 c6 2. d4 d5 3. exd5 cxd5 4. c4 Nf6 5. Nc3 e6 6. Nf3 Bb4 7. Bd3 dxc4
8. Bxc4 O-O 9. O-O a6 10. Bg5 b5 11. Bb3 Bb7 12. Rc1 Bxc3 13. Rxc3 Nbd7 14.
Re1 Rc8 15. Rce3 Qc7 16. Ne5 Nxe5 17. dxe5 Qc6 18. Rg3 Ne4 19. Rg4 Nxg5 20.
Rxg5 Rfd8 21. Qg4 Kh8 22. Qf4 Rd7 23. h3 Qc5 24. Re3 Qd4 25. Qg3 g6 26. Rg4
Qxb2 27. Qh4 a5 28. Qf6+ Kg8 29. Rf4 Re8 30. Kh2 Qc1 31. a4 b4 32. Bc4 Rc7
33. Rd3 Bc6 34. Rd6 Bb7 35. Bb5 Rf8 36. Rxe6 Qxf4+ 37. Qxf4 fxe6 38. Qd4
Bd5 39. f3 b3 40. Kg3 Rc2 41. Bd3 Rfc8 42. h4 Rd2 43. Qe3 Rxd3 44. Qxd3 b2
45. Qb5 Rc2 46. Qe8+ Kg7 47. Qe7+ Kg8 1/2-1/2

[Event "36th Olympiad w"]
[Site "Calvia ESP"]
[Date "2004.10.18"]
[Round "4"]
[White "Richards,H"]
[Black "Borosova,Z"]
[Result "1-0"]
[WhiteElo "2197"]
[BlackElo "2249"]
[EventDate "2004.10.15"]

1. e4 e5 2. Nf3 Nc6 3. Bc4 Bc5 4. b4 Bxb4 5. c3 Be7 6. d4 Na5 7. Nxe5 Nxc4
8. Nxc4 d5 9. exd5 Nf6 10. Qa4+ Bd7 11. Qb3 O-O 12. Ne3 b5 13. O-O a5 14.
Re1 Bd6 15. a4 bxa4 16. Qc2 Re8 17. c4 Ng4 18. h3 Qh4 19. Re2 Nh2 20. Nd2
Bxh3 21. Ba3 Bg4 22. Bxd6 cxd6 23. Ree1 Bd7 24. c5 Bb5 25. Nf5 Qh5 26. Nxd6
Ng4 27. Nf3 Reb8 28. Nxb5 Rxb5 29. Qxa4 Rbb8 30. d6 Qd5 31. Re7 Qf5 32.
Rae1 h6 33. d7 Kh7 34. Qa2 Rf8 35. c6 Qf4 36. Qc2+ f5 37. c7 Rf6 38. d8=Q
Rg6 39. Re8 1-0

[Event "36th Olympiad w"]
[Site "Calvia ESP"]
[Date "2004.10.18"]
[Round "4"]
[White "Lagvilava,G"]
[Black "Calzetta,M"]
[Result "1-0"]
[WhiteElo "2299"]
[BlackElo "2311"]
[EventDate "2004.10.15"]

1. e4 c5 2. Nc3 g6 3. g3 Bg7 4. Bg2 Nc6 5. d3 d6 6. f4 e5 7. Nf3 Nge7 8.
O-O O-O 9. Be3 Nd4 10. Rb1 exf4 11. Bxf4 Bg4 12. Qd2 Nxf3+ 13. Bxf3 Bxf3
14. Rxf3 d5 15. Bh6 f6 16. Bxg7 Kxg7 17. exd5 Nxd5 18. Ne4 b6 19. Re1 Rc8
20. a3 Rc6 21. b4 cxb4 22. axb4 Re8 23. c4 Nc7 24. Qb2 Kg8 25. g4 Rf8 26.
Ref1 Ne8 27. Kh1 Re6 28. Qa1 Qe7 29. c5 Re5 30. Qd4 bxc5 31. bxc5 Qe6 32.
c6 Qxc6 33. Qxe5 fxe5 34. Rxf8+ Kg7 35. R1f7+ Kh6 36. g5+ Kh5 37. Rxh7+ Kg4
38. h3+ 1-0

[Event "36th Olympiad w"]
[Site "Calvia ESP"]
[Date "2004.10.18"]
[Round "4"]
[White "Hernandez,Yu"]
[Black "Eidelson,R"]
[Result "0-1"]
[WhiteElo "2201"]
[BlackElo "2268"]
[EventDate "2004.10.15"]

1. e4 c5 2. Nf3 Nc6 3. d4 cxd4 4. Nxd4 Nf6 5. Nc3 d6 6. Bg5 e6 7. Qd2 a6 8.
O-O-O h6 9. Nxc6 bxc6 10. Bf4 d5 11. Qe3 Qa5 12. Be2 Bb4 13. Be5 Bxc3 14.
Bxc3 Qxa2 15. Bd3 dxe4 16. Bxe4 Qa1+ 17. Kd2 Qa4 18. f3 Nxe4+ 19. fxe4 O-O
20. Ra1 Rd8+ 21. Ke2 Qxc2+ 22. Bd2 a5 23. Rhc1 Ba6+ 24. Ke1 Qxb2 25. Rab1
Qf6 26. Qf3 Qh4+ 27. Qg3 Qxe4+ 28. Be3 Rd3 29. Kf2 c5 30. Re1 Rad8 31. Kg1
Bb7 32. Rbc1 c4 33. Qf2 Qd5 34. Bb6 Rd2 35. Re2 Rd7 36. Rxd2 Qxd2 37. Be3
Qd3 38. h4 Rd5 39. Bb6 Rf5 40. Qe3 Qd5 41. Qe2 Rf4 42. Rd1 Qe4 43. Qxe4
Rxe4 44. Bxa5 Rxh4 45. Rd8+ Kh7 46. Rd7 Bd5 47. Rxf7 Rg4 48. Rf2 Rg3 49.
Bc7 Re3 50. Bb6 Rd3 51. Bc7 c3 52. Ba5 Rd1+ 53. Rf1 c2 0-1

[Event "36th Olympiad w"]
[Site "Calvia ESP"]
[Date "2004.10.18"]
[Round "4"]
[White "Popova,N"]
[Black "Gonzalez Perez,L"]
[Result "1/2-1/2"]
[WhiteElo "2246"]
[BlackElo "2152"]
[EventDate "2004.10.15"]

1. e4 c6 2. d4 d5 3. e5 Bf5 4. Be3 e6 5. Nd2 Nd7 6. c3 c5 7. f4 Qb6 8. Qc1
cxd4 9. Bxd4 Bc5 10. Ngf3 Ne7 11. Be2 a6 12. O-O Nc6 13. Nb3 Bg4 14. Nxc5
Nxc5 15. Be3 Bxf3 16. Rxf3 d4 17. cxd4 Nd7 18. Qd2 Qb4 19. Qc3 Nb6 20. a3
Qe7 21. f5 Nd5 22. Qd2 Nxe3 23. Qxe3 O-O-O 24. Rd1 Rd7 25. fxe6 fxe6 26.
Rf4 Rhd8 27. Bf3 Rc7 28. Bg4 Kb8 29. Rf2 h6 30. Rfd2 Qe8 31. b4 Qg6 32. Bf3
Ne7 33. Be4 Nd5 34. Bxd5 Rxd5 35. Qd3 Qg5 36. a4 Rcd7 37. Qe4 Qd8 38. a5
Qc7 39. Rb2 Qd8 40. Rbd2 Qe7 41. Qg6 Qxb4 42. Qe8+ Rd8 43. Qxe6 Rxd4 44.
Rxd4 Rxd4 45. Rxd4 Qxd4+ 46. Kf1 Qf4+ 47. Ke2 Qe4+ 48. Kf2 Qf4+ 49. Ke2
Qe4+ 1/2-1/2

[Event "36th Olympiad w"]
[Site "Calvia ESP"]
[Date "2004.10.18"]
[Round "4"]
[White "Khasanova,F"]
[Black "Skripchenko,A"]
[Result "1/2-1/2"]
[WhiteElo "2314"]
[BlackElo "2474"]
[EventDate "2004.10.15"]

1. e4 c5 2. c3 e6 3. d4 d5 4. exd5 exd5 5. Nf3 Nc6 6. Bb5 Bd6 7. dxc5 Bxc5
8. O-O Nge7 9. Nbd2 O-O 10. Nb3 Bb6 11. Re1 Nf5 12. Bf4 h6 13. Qd2 Be6 14.
Nfd4 Ncxd4 15. cxd4 Nd6 16. Bd3 Nc4 17. Qc1 Qf6 18. Bxc4 dxc4 19. Nc5 Bd5
20. Qe3 Rfe8 21. Qxe8+ Rxe8 22. Rxe8+ Kh7 23. Nd7 Qc6 24. Nf8+ Kg8 25. Nd7+
Kh7 26. Nf8+ Kg8 1/2-1/2

[Event "36th Olympiad w"]
[Site "Calvia ESP"]
[Date "2004.10.18"]
[Round "4"]
[White "Ankudinova,E"]
[Black "Collas,S"]
[Result "0-1"]
[WhiteElo "2243"]
[BlackElo "2349"]
[EventDate "2004.10.15"]

1. c4 g6 2. Nc3 Bg7 3. d4 c5 4. d5 d6 5. Nf3 Nf6 6. Bg5 h6 7. Bh4 Nbd7 8.
e3 O-O 9. Bd3 Rb8 10. Qc2 a6 11. a4 b6 12. h3 Ne8 13. g4 Nc7 14. Bg3 b5 15.
axb5 axb5 16. cxb5 Nb6 17. e4 Bd7 18. O-O c4 19. Be2 f5 20. gxf5 gxf5 21.
e5 f4 22. e6 fxg3 23. exd7 Qxd7 24. Kg2 gxf2 25. Ra7 Rf4 26. Kxf2 Rbf8 27.
Ke1 Qc8 28. Rg1 Ncxd5 29. Qg6 R4f7 30. Nd4 Nf4 31. Qxh6 Qc5 32. Nf3 Qxg1+
0-1

[Event "36th Olympiad w"]
[Site "Calvia ESP"]
[Date "2004.10.18"]
[Round "4"]
[White "Nguyen Thi Thanh An"]
[Black "Voiska,M"]
[Result "1-0"]
[WhiteElo "2345"]
[BlackElo "2380"]
[EventDate "2004.10.15"]

1. d4 d5 2. c4 c6 3. Nc3 Nf6 4. Nf3 a6 5. cxd5 cxd5 6. Bf4 Nc6 7. Ne5 e6 8.
e3 Nxe5 9. Bxe5 Bd6 10. Bg3 O-O 11. Bd3 b5 12. Rc1 Bb7 13. O-O Bxg3 14.
hxg3 Qd6 15. f4 h5 16. a3 Rac8 17. b4 Rc7 18. Qd2 Rfc8 19. Na2 Nd7 20. Rxc7
Rxc7 21. Qe2 g6 22. g4 hxg4 23. Qxg4 Nf6 24. Qh4 Ne4 25. Rf3 Qe7 26. Qxe7
Rxe7 27. Bxe4 dxe4 28. Rf1 Bd5 29. Nc3 Rc7 30. Rc1 f5 31. Kf2 Bc4 32. Nd1
Ra7 33. Nb2 Bd5 34. Rc5 Kf7 35. Nd1 Bb3 36. Nc3 Ke7 37. Kg1 Bc4 38. a4 Kd7
39. g4 Bd3 40. a5 Ra8 41. Kg2 Bc4 42. Kg3 Rh8 43. d5 Rh1 44. dxe6+ Bxe6 45.
gxf5 gxf5 46. Ne2 Re1 47. Kf2 Rb1 48. Nd4 Rxb4 49. Re5 Rb2+ 50. Kg3 Bc4 51.
Nxf5 Bd3 52. Re7+ Kd8 53. Rb7 b4 54. Nd6 Rb1 55. f5 b3 56. Kf4 b2 57. Ke5
Bb5 58. Nxb5 Ra1 59. Nc3 Rxa5+ 60. Kxe4 Rc5 61. Rxb2 Rxc3 62. Ra2 Rc6 63.
Kd5 Kd7 64. e4 Rb6 65. Ra5 Rd6+ 66. Ke5 Rb6 67. f6 Re6+ 68. Kf5 Rb6 69. Re5
Rb1 70. f7 Rf1+ 71. Kg6 Rg1+ 72. Kf6 Rf1+ 73. Rf5 1-0

[Event "36th Olympiad w"]
[Site "Calvia ESP"]
[Date "2004.10.18"]
[Round "4"]
[White "Djingarova,E"]
[Black "Le Kieu Thien Kim"]
[Result "0-1"]
[WhiteElo "2327"]
[BlackElo "2329"]
[EventDate "2004.10.15"]

1. e4 d5 2. exd5 Qxd5 3. Nc3 Qa5 4. d4 Nf6 5. Nf3 c6 6. Bc4 Bg4 7. h3 Bh5
8. g4 Bg6 9. Ne5 e6 10. h4 Nbd7 11. Nxd7 Nxd7 12. Qe2 h5 13. Bg5 Bb4 14.
Rh3 hxg4 15. Re3 O-O 16. O-O-O b5 17. Bb3 c5 18. Nxb5 Rab8 19. Nc3 cxd4 20.
Rxd4 Nc5 21. Bc4 Bxc3 22. Rxc3 Qb6 23. b3 Nxb3+ 24. axb3 Qxd4 25. Qe3 Qxe3+
26. Bxe3 a5 27. Ba6 Be4 28. Rc4 f5 29. Ra4 Ra8 30. Bc4 Kf7 31. Bf4 Rh8 32.
Bg5 Rhc8 33. Bd2 Rc5 34. Be3 Rc6 35. Bd2 Kg6 36. Bf4 Kf6 37. Bg5+ Ke5 38.
Bd2 Kf6 39. Bg5+ Kg6 40. Bf4 Kh5 41. Bg5 e5 42. Bf7+ g6 43. Bc4 f4 44. Kb2
Rc5 45. c3 Rac8 46. Be6 Bc6 47. Ra1 Re8 48. Bf7 Rb8 49. Rd1 Be4 50. Rd7 Bf5
51. Ra7 g3 52. fxg3 fxg3 53. Be3 Rcb5 54. Bc4 R5b7 55. Rxa5 Re8 56. Ra4 e4
57. Ra1 Rc8 58. Ba6 Rf7 59. Bxc8 Bxc8 60. Kc2 g2 61. Rg1 Bh3 62. b4 Kg4 63.
b5 Kf3 64. Bd4 e3 65. b6 Kf2 66. Ra1 Bf5+ 67. Kb3 Ke2 68. Ra2+ Kf3 69. Ra1
Bd3 70. Bc5 Bf1 71. Be7 g1=Q 72. b7 Qg3 73. Rxf1+ Kg2 74. Rxf7 e2 75. b8=Q
Qxb8+ 0-1

[Event "36th Olympiad w"]
[Site "Calvia ESP"]
[Date "2004.10.18"]
[Round "4"]
[White "Muzychuk,A"]
[Black "Foisor,C"]
[Result "1/2-1/2"]
[WhiteElo "2383"]
[BlackElo "2436"]
[EventDate "2004.10.15"]

1. e4 g6 2. h4 h6 3. d4 Bg7 4. Nc3 d6 5. Be3 a6 6. Qd2 Nd7 7. f3 b5 8. a4
b4 9. Nd1 a5 10. Bb5 Bb7 11. Ne2 c6 12. Bd3 Qc8 13. Nf2 Ba6 14. Bxa6 Qxa6
15. Rd1 Ngf6 16. b3 Kf8 17. Nd3 Kg8 18. g4 h5 19. g5 Ne8 20. O-O Rc8 21. f4
d5 22. f5 dxe4 23. fxg6 fxg6 24. Ndf4 Nf8 25. Ng3 Nd6 26. Qg2 Qb7 27. Nxe4
Qd7 28. Nxd6 exd6 29. d5 c5 30. Qh3 Qxh3 31. Nxh3 Be5 32. Nf4 Rh7 33. Nd3
Nd7 34. Bf4 c4 35. Nxe5 dxe5 36. Bh2 Rf7 37. Rfe1 Rf5 38. d6 cxb3 39. cxb3
Rc5 40. Rc1 Rxc1 41. Rxc1 Kf7 42. Kg2 Ke6 43. Rc6 Rf8 44. Bg3 Ra8 45. Kf3
Kd5 46. Rc1 Kxd6 47. Rd1+ Ke6 48. Rc1 Kf5 49. Rd1 Rf8 50. Rd5 Ke6+ 51. Ke4
Rc8 52. Rxa5 Nc5+ 53. Ke3 Kf5 54. Rb5 Nd7 55. Rxb4 Rc3+ 56. Kf2 Nc5 57. Kg2
Rxb3 58. Rxb3 Nxb3 59. Kf3 Ke6 60. Be1 Kd5 61. Bc3 Nc5 62. a5 Na6 63. Ke3
Nc7 64. Bb4 Na6 65. Bf8 Nc7 66. Kd3 Na6 67. Ke3 Nc7 68. Kd3 Na6 69. Ke3
1/2-1/2

[Event "36th Olympiad w"]
[Site "Calvia ESP"]
[Date "2004.10.18"]
[Round "4"]
[White "Kaps,D"]
[Black "Olarasu,G"]
[Result "1-0"]
[WhiteElo "2236"]
[BlackElo "2325"]
[EventDate "2004.10.15"]

1. e4 e5 2. Nf3 Nc6 3. Bc4 Nf6 4. Ng5 d5 5. exd5 Na5 6. Bb5+ c6 7. dxc6
bxc6 8. Be2 h6 9. Nf3 e4 10. Ne5 Bd6 11. f4 O-O 12. O-O Bxe5 13. fxe5 Qd4+
14. Kh1 Qxe5 15. d4 exd3 16. Qxd3 Nd5 17. Bd2 Nb7 18. Nc3 Nb4 19. Qf3 Nxc2
20. Bf4 Qe6 21. Rad1 Nb4 22. a3 Nd5 23. Nxd5 cxd5 24. Rxd5 Bd7 25. Re5 Bc6
26. Qe3 Qg6 27. Bf3 Nd8 28. b4 Bxf3 29. gxf3 Kh7 30. Rg1 Qc6 31. Rh5 Re8
32. Qd3+ Kh8 33. Bxh6 g6 34. Qd4+ f6 35. Rh3 Re5 36. Qd3 Qe8 37. Bf8+ Rh5
38. Rxh5+ gxh5 39. Bg7+ Kg8 40. Bxf6+ Kf7 41. Qg6+ 1-0